| 000 | 00949nam a22002057a 4500 | ||
|---|---|---|---|
| 003 | OSt | ||
| 005 | 20260204021242.0 | ||
| 008 | 260130b |||||||| |||| 00| 0 eng d | ||
| 020 | _a9780316085274 | ||
| 040 |
_aDWCL GS library _cOC |
||
| 082 | _aFic. C8784h | ||
| 100 | _aCowell, Cressida | ||
| 245 |
_ahow to train your dragon _b: book 1 |
||
| 260 |
_aNew York _bHachette Book Group _cc2003 |
||
| 300 |
_a214 _billustrations _c19cm |
||
| 520 | _aHiccup Horrendous Haddock III is a truly extraordinary viking hero known throughout vikingdom as "the dragon whisperer"..... but it wasn't always so. Travel back to the days when the mighty warrior was just a boy, the quiet and thoughtful son of the chief of the hairy hooligans. Can hiccup capture a dragon and train it without being torn limb from limb? | ||
| 526 | _aEnglish | ||
| 700 | _aCressida Cowell | ||
| 942 |
_2ddc _cFIC. _hFic. C874h 2003 _n0 |
||
| 999 |
_c8047 _d8047 |
||